| 000 | 00555nam a22001697a 4500 | ||
|---|---|---|---|
| 999 |
_c525403 _d525403 |
||
| 003 | NUST | ||
| 038 | _aArshad | ||
| 082 |
_a305.5122095 _bMAC |
||
| 100 |
_aMaclagn , E.D _916262 |
||
| 245 |
_aPunjab Mazhabi Furstou Aur Soofi Silsalou Ka Encyclopedia / _c E.d Maclagn |
||
| 260 |
_aLahore : _bBook Home, _c2006. |
||
| 300 | _a256 p. ; | ||
| 500 | _aHardcover. | ||
| 880 |
_6100-01\r _aای ڈی میکايگن |
||
| 880 |
_6245-02\r _a پنجاب مذہبی فرقوں اور صوفی سلسلوں کا انسائیکلوپیڈیا / |
||
| 942 |
_2ddc _cBK |
||